000 00755nam a2200229Ia 4500
001 9786
003 GE_BSU
008 181216s||||||||xx |||||||||||||| ||und||
040 _cGE_BSU
080 _a821.353.1–32
100 _aმირიანაშვილი,დიმიტრი
245 _aფიქრი ხვალისა
245 _bმოთხრობები
245 _cრედ.თ.აბულაძე.მხატვ.გ.წერეთელი
260 _aთბილისი
260 _bსაბჭოთა საქართველო
260 _c1975
300 _a236გვ.16სმ.
653 _aმოთხრობები
653 _aფიქრი ხვალისა
942 _cBK
999 _c43066
_d43066